Bilecik Bilecik Bilecik Bilecik Bilecik

Türkiye'nin etnik yapısı : (Record no. 40216)

MARC details
000 -BAŞLIK
Sabit Uzunluktaki Kontrol Alanı 03973nam a22003977a 4500
001 - KONTROL NUMARASI
Control Dosyası 0040338
003 - KONTROL NUMARASI KİMLİĞİ
Kontrol Alanı KOHA_MİRAKIL
005 - EN SON İŞLEM TARİHİ ve ZAMANI
Kontrol Alanı 20260207003158.0
007 - FİZİKSEL TANIM SABİT ALAN - GENEL BİLGİ
Sabit uzunluklu kontrol alanı ta
008 - SABİT UZUNLUKTAKİ VERİ ÖGELERİ - GENEL BİLGİ
Sabit Alan 130517b2005 tu |||gr||||#||||0|tur |
020 ## - ISBN - ULUSLARARASI STANDART KİTAP NUMARASI
Isbn 975646111X
040 ## - KATALOGLAMA KAYNAĞI
Özgün Kataloglama Kurumu TR-BiSEU
Kataloglama Dili tur
Çeviri Kurumu TR-BiSEU
Açıklama Kuralları rda
041 0# - DİL KODU
Metin ya da ses kaydının dil kodu tur
044 ## - YAYINLAYAN/ÜRETEN KURULUŞUN ÜLKE KODU
ISO country code tu
050 ## - SINIFLAMA ve YER NUMARASI
Sınıflama Numarası DS57
Yer Numarası .O53 2005
100 1# - KİŞİ ADI
Yazar Adı (Kişi adı) Önder, Ali Tayyar.
245 1# - ESER ADI BİLDİRİMİ
Başlık Türkiye'nin etnik yapısı :
Alt Eseradı vb. halkımızın kökenleri ve gerçekler/
Sorumluluk Bildirimi Ali Tayyar Önder ; Ali Tayyar Önder.
250 ## - BASIM BİLDİRİMİ
Basım Bildirimi genş.6.bs.
264 #1 - ÜRERİM, YAYIN, DAĞITIM ve TELİF BİLDİRİMİ
Yayın yeri İstanbul :
Yayınlayan Pozitif Yayınları
Yayın tarihi 2005
300 ## - FİZİKSEL TANIMLAMA
Sayfa, Cilt vb. 344 sayfa ;
Boyutları 20 cm.
336 ## - İÇERİK TÜRÜ
Content type term metin
Content type code txt
Source rdacontent
337 ## - MEDYA TÜRÜ
Media type term aracısız
Media type code n
Source rdamedia
338 ## - TAŞIYICI TÜRÜ
Carrier type term cilt
Carrier type code nc
Source rdacarrier
505 ## - İÇİNDEKİLER NOTU
İçindekiler Notu İÇİNDEKİLER
650 #0 - KONU BAŞLIĞI EK GİRİŞ - KONU TERİMİ
Konusal terim veya coğrafi ad Turkic peoples--Turkey.
9 (RLIN) 74794
650 #0 - KONU BAŞLIĞI EK GİRİŞ - KONU TERİMİ
Konusal terim veya coğrafi ad Türki halklar--Türkiye.
9 (RLIN) 74795
650 #0 - KONU BAŞLIĞI EK GİRİŞ - KONU TERİMİ
Konusal terim veya coğrafi ad Bektashi.
9 (RLIN) 9690
650 #0 - KONU BAŞLIĞI EK GİRİŞ - KONU TERİMİ
Konusal terim veya coğrafi ad Bektaşi.
9 (RLIN) 10926
650 #0 - KONU BAŞLIĞI EK GİRİŞ - KONU TERİMİ
Konusal terim veya coğrafi ad Kurds--Turkey.
9 (RLIN) 22554
650 #0 - KONU BAŞLIĞI EK GİRİŞ - KONU TERİMİ
Konusal terim veya coğrafi ad Kürtler--Türkiye.
9 (RLIN) 30295
650 #0 - KONU BAŞLIĞI EK GİRİŞ - KONU TERİMİ
Konusal terim veya coğrafi ad Turks--Ethnic identity.
9 (RLIN) 9954
650 #0 - KONU BAŞLIĞI EK GİRİŞ - KONU TERİMİ
Konusal terim veya coğrafi ad Türkler--Etnik kimlik.
9 (RLIN) 14358
650 #0 - KONU BAŞLIĞI EK GİRİŞ - KONU TERİMİ
Konusal terim veya coğrafi ad Turkey--Ethnic relations.
9 (RLIN) 15794
650 #0 - KONU BAŞLIĞI EK GİRİŞ - KONU TERİMİ
Konusal terim veya coğrafi ad Türkiye--Etnik ilişkiler.
9 (RLIN) 16803
942 ## - EK GİRİŞ ÖGELERİ (KOHA)
Source of classification or shelving scheme Library of Congress Classification
Koha item type Book
505 ## - İÇİNDEKİLER NOTU
-- BİRİNCİ BASKININ ÖNSÖZÜ 9
-- ÖNSÖZ 11
-- ETNİKLİK 15
-- a)Emik Bakış 16
-- b)Etik Bakış 17
-- Etnik Kimliğin Değişkenliği 20
-- Üst Kimlik 21
-- TÜRKİYE'DEKİ ETNİK GRUPLARIN NÜFUSLARI 23
-- Kürt Kökenliler 23
-- Zazalar 27
-- Araplar 27
-- Çerkesler 28
-- Lazlar 29
-- Balkan Kökenliler 30
-- Azınlıklar 30
-- Sonuç-Değerlendirme 30
-- TÜRKİYE ETNİK BİR MOZAYİK DEĞİLDİR 33
-- Türkiye'deki Etnik Grupların Sayısı 34
-- Türkiye'deki Etnik Nüfusa İlişkin Veriler ve Göstergeler 42
-- TÜRKİYELİLİK ÇOKKÜLTÜRLÜLÜK 62
-- Türkiyelilik 63
-- Çokkültürlülük 65
-- TURCHİA TÜRK 68
-- ÖN TÜRKLER 71
-- TÜRKLÜK VE ANADOLU 82
-- Turki ve Turukkular 84
-- Sümerler ve Gutiler 86
-- Acaraylar 89
-- Sakalar 89
-- Kardular 91
-- Hunlar 93
-- Ağaçeriler 94
-- Sabirler-Hazarlar 94
-- Abbasiler Dönemi 97
-- Selçuklular Dönemi 101
-- TABLOLAR
-- Oğuz Han Oğulları (24 Oğuz Boyu) 109
-- Türk Kavimleri 110
-- ALEVİLER 111
-- Türkiye'deki Alevi Gruplar 112
-- Anadolu Alevileri 113
-- Nusayriler 114
-- Şüler 115
-- Alevilik, Bektaşilik, Caferilik, Yesevilik 116
-- Anadolu Aleviliğinin İnanç Yapısı 118
-- Aleviliğin Temeli İslâmdır 122
-- Anadolu Aleviliği'nin Tarihi Süreci 125
-- Alevi Anadolu Türkmenleri, Safevi Devleti ve Şah İsmail 130
-- Alevi ve Orta Asya Türk Şaman İnançları 133
-- 1. Cem 134
-- 2. Kadm 135
-- 3. Ocak-Eşik 135
-- 1. Kurban 136
-- 2. Ülüş 136
-- 3. Saz 136
-- 4. Tahta Kılıç 137
-- 5. Tavşan 137
-- 6. Kutsal Gök 138
-- 7. Kutsal Ağaç 138
-- 8. Kutsal Su 138
-- 9. Kutsal Dağ 139
-- 10. Alkarısı 139
-- 11. Alkış ve Gülbank 139
-- 12. Esrime 140
-- Kaynaklar 141
-- KÜRTLER 143
-- Verilerin Yetersizliği Meselesi 145
-- Tarafgirlik 149
-- Kürt Bölgesi: Yerleşim ve İstilalar 152
-- Hint Avrupa ve Ari Irk 154
-- Kürtlerin Antropolojik Nitelikleri 155
-- Kürt Dili 160
-- Kırmanç/Kurmanç 168
-- Ekrad 169
-- Kürt Kelimesinin Kökeni ve Anlamı 171
-- Kürdistan 173
-- Selahaddin Eyyubi 175
-- Kürtlerin Kökenine İlişkin Söylenceler 176
-- Kürtlerin Kökenleri Üzerine Tezler 177
-- 1. KarduTez 177
-- 2. Med-İskit Tezi 178
-- 3. Jafetidologların Tezi 181
-- 4. Guti ve Onasya Kavimleri Tezi 181
-- 5. Kürtlerin Türklüğü Tezi 183
-- Ermeniler ve Kürtler 186
-- Medler 188
-- Nevruz 190
-- TÜRKLÜK KÜRTLÜK 193
-- ZAZALAR 209
-- GÜRCÜLER 221
-- LAZLAR 231
-- ÇERKESLER 252
-- NUSAYRİLER 262
-- ARAPLAR 275
-- BALKAN KÖKENLİLER 276
-- Trakya ve Balkanlar"da Bektaşi-Alevi Türkmen Erenler 285
-- V. ve XII. Asırlar Arasında Avrupa'da Türkler 289
-- BATI ve TERÖR 291
-- ETNİK GERİLİM ve MİLLİ KÜLTÜR 300
-- AVRUPA ÜLKELERİNDE ETNİK NÜFUS 309
-- DOĞU ve GÜNEYDOĞU ANADOLU'DA TÜRK OYMAKLARI ...312
-- YABANCI GÖZÜYLE TÜRKLER 333
-- BİBLİYOGRAFYA 339
Holdings
Materyal Türü Kalıcı Konum Mevcut Konum Raf Yeri Sınıflandırma Kaynağı Edinim Bilgisi Ana Konular Alt Konular Yer Numarası Demirbaş Numarası Fatura Tarihi Maliyet, Alış Fiyatı Maliyet, Yenileme Fiyatı Geri Çekilme Durumu Kayıp Durumu Hasarlı Durumu Kredi için değil Kayıt Tarih Toplam Ödünçverme Son Görülme Tarihi Son Kontrol Tarihi Genel / Bağış Notu
Book Prof. Dr. Azmi Özcan Kütüphanesi Prof. Dr. Azmi Özcan Kütüphanesi Uluğbey Salonu Library of Congress Classification Bağış DÜNYA TARİHİ (AVRUPA, ASYA, AFRİKA VB.) Asya DS57 .O53 2005 0040338 02/02/2026 10.00 10.00         17/05/2013 6 05/12/2024 05/12/2024 Ramazan Bakkal